Statistiche per Province d'Italia con una Mappa Vuota

Clicka qui per fare il quiz!

Statistiche generali

  • Questo quiz è stato fatto 8.807 volte
  • Il punteggio medio è 80 su 107

Risposte nella Mappa

Le risposte nella mappa del quiz sottostante sono codificate secondo una scala di colori dal rosso al verde in base alla % di persone che hanno risposto correttamente.
 

Statistiche sulle risposte

Provinces% Corretto
Milano
96%
Roma
95%
Torino
95%
Napoli
94%
Firenze
93%
Palermo
93%
Venezia
93%
Bari
92%
Bologna
92%
Genova
92%
Aosta
90%
Trento
89%
Cagliari
88%
Pisa
87%
Reggio Calabria
87%
Trieste
87%
Catania
86%
Verona
86%
Bergamo
84%
Campobasso
84%
L'Aquila
84%
Lecce
84%
Perugia
84%
Ancona
83%
Catanzaro
83%
La Spezia
83%
Rimini
83%
Bolzano
82%
Reggio Emilia
82%
Salerno
82%
Messina
81%
Potenza
81%
Brescia
80%
Udine
80%
Alessandria
79%
Como
78%
Monza e Brianza
78%
Padova
78%
Parma
78%
Latina
77%
Matera
77%
Foggia
76%
Livorno
76%
Sassari
76%
Agrigento
75%
Vicenza
75%
Caserta
74%
Modena
74%
Siracusa
74%
Taranto
74%
Frosinone
73%
Pescara
73%
Asti
72%
Lecco
72%
Savona
72%
Trapani
72%
Barletta-Andria-
Trani
71%
Benevento
71%
Brindisi
71%
Cremona
71%
Cuneo
71%
Forlì-Cesena
71%
Imperia
71%
Lucca
71%
Mantova
71%
Ravenna
71%
Cosenza
70%
Ferrara
70%
Pesaro e Urbino
70%
Piacenza
70%
Pordenone
70%
Siena
70%
Avellino
69%
Enna
69%
Varese
69%
Crotone
68%
Novara
68%
Prato
68%
Viterbo
68%
Belluno
67%
Caltanissetta
67%
Grosseto
67%
Massa-Carrara
67%
Pavia
67%
Terni
67%
Ragusa
66%
Treviso
66%
Gorizia
65%
Isernia
65%
Vercelli
65%
Arezzo
64%
Nuoro
64%
Vibo Valentia
64%
Ascoli Piceno
63%
Biella
63%
Lodi
63%
Rieti
63%
Sondrio
63%
Pistoia
62%
Rovigo
62%
Chieti
61%
Macerata
59%
Oristano
59%
Sud Sardegna
58%
Verbano-Cusio-
Ossola
57%
Teramo
55%
Fermo
51%

Distribuzione punteggi

Percentile per numero di risposta

Percentuale di utenti per punteggio

I tuoi punteggi nel tempo

Non hai fatto questo quiz